Géographie des pains - Trouve le bon pays - Statistiques

Statistiques générales
  • Ce quiz a été pris 265 fois
    92 depuis la dernière actualisation
  • Le résultat moyen est 8 sur 10
Statistiques - réponses
Par images Hint Réponse % Correct
bretzel Allemagne
100%
baguette France
100%
foccacia Italie
99%
(piada) Italie
99%
bagel USA
98%
pancake USA
98%
tortilla Mexique
94%
naan Inde
85%
scone Angleterre
47%
pain azyme Egypte
23%
Aucun quiz correspondant
Distribution des résultats
% des personnes avec chaque résultat
Percentile par nombre de réponses
Votre historique - résultats
Vous n’avez pas pris ce quiz depuis la dernière actualisation